All 2024 Olympic Medalists: Equestrian - Statistics

General Stats
  • This quiz has been taken 9 times
  • The average score is 8 of 36
Answer Stats
Event Game Medal Nationality/Team Medalist % Correct
Dressage Individual Silver Germany Isabell Werth
57%
Dressage Team Gold Germany Isabell Werth
57%
Dressage Team Bronze Great Britain Carl Hester
43%
Dressage Team Silver Denmark Cathrine Laudrup-Dufour
43%
Dressage Team Gold Germany Frederic Wandres
43%
Dressage Individual Gold Germany Jessica von Bredow-Werndl
43%
Dressage Team Gold Germany Jessica von Bredow-Werndl
43%
Eventing Individual Gold Germany Michael Jung
43%
Dressage Team Bronze Great Britain Becky Moody
29%
Dressage Individual Bronze Great Britain Charlotte Fry
29%
Dressage Team Bronze Great Britain Charlotte Fry
29%
Jumping Individual Gold Germany Christian Kukuk
29%
Dressage Team Silver Denmark Daniel Bachmann Andersen
29%
Eventing Individual Bronze Great Britain Laura Collett
29%
Eventing Team Gold Great Britain Laura Collett
29%
Jumping Individual Silver Switzerland Steve Guerdat
29%
Jumping Team Gold Great Britain Ben Maher
14%
Eventing Individual Silver Australia Christopher Burton
14%
Jumping Team Gold Great Britain Harry Charles
14%
Jumping Team Bronze France Julien Epaillard
14%
Eventing Team Silver France Karim Laghouag
14%
Eventing Team Bronze Japan Kazuma Tomoto
14%
Jumping Team Silver USA McLain Ward
14%
Dressage Team Silver Denmark Nanna Merrald Rasmussen
14%
Jumping Team Bronze France Olivier Perreau
14%
Eventing Team Gold Great Britain Rosalind Canter
14%
Jumping Team Gold Great Britain Scott Brash
14%
Jumping Team Bronze France Simon Delestre
14%
Eventing Team Gold Great Britain Tom McEwan
14%
Jumping Team Silver USA Karl Cook
0%
Jumping Team Silver USA Laura Kraut
0%
Jumping Individual Bronze Netherlands Maikel van der Vleuten
0%
Eventing Team Silver France Nicolas Touzaint
0%
Eventing Team Silver France Stephane Landois
0%
Eventing Team Bronze Japan Toshiyuki Tanaka
0%
Eventing Team Bronze Japan Yoshiaki Oiwa
0%
No matching quizzes found
Score Distribution
Percent of People with Each Score
Percentile by Number Answered
Your Score History
You have not taken this quiz